<?xml version="1.0" encoding="UTF-8"?>
<record
    xmlns:xsi="http://www.w3.org/2001/XMLSchema-instance"
    xsi:schemaLocation="http://www.loc.gov/MARC21/slim http://www.loc.gov/standards/marcxml/schema/MARC21slim.xsd"
    xmlns="http://www.loc.gov/MARC21/slim">

  <leader>00736nam a22002057a 4500</leader>
  <controlfield tag="001">BRCA_9236</controlfield>
  <controlfield tag="003">FranzMayer</controlfield>
  <controlfield tag="005">20220928154424.0</controlfield>
  <controlfield tag="008">220928b        |||||||| |||| 00| 0 eng d</controlfield>
  <datafield tag="040" ind1=" " ind2=" ">
    <subfield code="b">spa</subfield>
    <subfield code="c">MFM</subfield>
  </datafield>
  <datafield tag="041" ind1=" " ind2=" ">
    <subfield code="a">spa</subfield>
    <subfield code="a">eng</subfield>
  </datafield>
  <datafield tag="050" ind1=" " ind2=" ">
    <subfield code="a">NC17.M4</subfield>
    <subfield code="b">M96 2017</subfield>
  </datafield>
  <datafield tag="245" ind1=" " ind2="3">
    <subfield code="a">El Mundo de Tim Burton</subfield>
  </datafield>
  <datafield tag="260" ind1=" " ind2=" ">
    <subfield code="a">Ciudad de M&#xE9;xico : </subfield>
    <subfield code="b">Museo Franz Mayer, </subfield>
    <subfield code="c">2017</subfield>
  </datafield>
  <datafield tag="300" ind1=" " ind2=" ">
    <subfield code="a">84 pp. : </subfield>
    <subfield code="b">il. fot. ; </subfield>
    <subfield code="c">21.5 x 21.5 cm.</subfield>
  </datafield>
  <datafield tag="500" ind1=" " ind2=" ">
    <subfield code="a">Cat&#xE1;logo de la exposici&#xF3;n "El Mundo de Tim Burton" realizada en el Museo Franz Mayer en la Ciudad de M&#xE9;xico (6 de diciembre 2017 - 8 de abril 2018).</subfield>
  </datafield>
  <datafield tag="600" ind1=" " ind2=" ">
    <subfield code="a">Burton, Tim,&#x200F; </subfield>
    <subfield code="d">1958-</subfield>
    <subfield code="v">Exposiciones</subfield>
    <subfield code="9">28574</subfield>
  </datafield>
  <datafield tag="650" ind1=" " ind2=" ">
    <subfield code="a">Dibujos</subfield>
    <subfield code="9">12962</subfield>
    <subfield code="x">Fotograf&#xED;as</subfield>
    <subfield code="v">Exposiciones</subfield>
  </datafield>
  <datafield tag="942" ind1=" " ind2=" ">
    <subfield code="2">lcc</subfield>
    <subfield code="c">B</subfield>
  </datafield>
  <datafield tag="999" ind1=" " ind2=" ">
    <subfield code="c">10855</subfield>
    <subfield code="d">10855</subfield>
  </datafield>
  <datafield tag="952" ind1=" " ind2=" ">
    <subfield code="0">0</subfield>
    <subfield code="1">0</subfield>
    <subfield code="2">lcc</subfield>
    <subfield code="4">0</subfield>
    <subfield code="7">0</subfield>
    <subfield code="a">BRCA</subfield>
    <subfield code="b">BRCA</subfield>
    <subfield code="d">2022-09-28</subfield>
    <subfield code="l">0</subfield>
    <subfield code="o">NC17.M4 M96 2017</subfield>
    <subfield code="p">CONT10029</subfield>
    <subfield code="r">2022-09-28 00:00:00</subfield>
    <subfield code="w">2022-09-28</subfield>
    <subfield code="y">B</subfield>
  </datafield>
</record>
